Silos, politics and turf wars (Record no. 114335)
[ view plain ]
| 000 -LEADER | |
|---|---|
| fixed length control field | 01254cam a22002055a 4500 |
| 001 - CONTROL NUMBER | |
| control field | L156636 |
| 008 - FIXED-LENGTH DATA ELEMENTS--GENERAL INFORMATION | |
| fixed length control field | 120614s2006 xxk f 000 0 eng d |
| 020 ## - INTERNATIONAL STANDARD BOOK NUMBER | |
| International Standard Book Number | 9780787976385 |
| 035 ## - SYSTEM CONTROL NUMBER | |
| System control number | (Sirsi) u156636 |
| 041 0# - LANGUAGE CODE | |
| Language code of text/sound track or separate title | eng |
| 050 04 - LIBRARY OF CONGRESS CALL NUMBER | |
| Classification number | 658.4 $2 18 |
| 100 1# - MAIN ENTRY--PERSONAL NAME | |
| Personal name | Lencioni, Patrick |
| 245 00 - TITLE STATEMENT | |
| Title | Silos, politics and turf wars |
| Remainder of title | a leadership fable about destroying the barriers that turn colleagues into competitors |
| 260 ## - PUBLICATION, DISTRIBUTION, ETC. | |
| Place of publication, distribution, etc. | San Francisco |
| Name of publisher, distributor, etc. | Jossey-Bass |
| Date of publication, distribution, etc. | 2006. |
| 300 ## - PHYSICAL DESCRIPTION | |
| Extent | ix, 211 p. |
| Other physical details | ill. |
| Dimensions | 22 cm. |
| 505 2# - FORMATTED CONTENTS NOTE | |
| Formatted contents note | Introduction -- The fable -- Part one: entrepreneurial ambition -- Part two: reality -- Part three: rally -- Part four: moments of truth -- The theory -- Introduction to silos -- Components of the model -- Identifying a thematic goal -- Case studies -- Managing and organizing around the thematic goal -- Thematic goals and long-term context -- Making matrix organizations word -- A final though |
| 520 ## - SUMMARY, ETC. | |
| Summary, etc. | This book identifies different department's politics with than cause a company to waste time and resources because they are unable to work together for the common goal. This book uses a narritive to understand how miscommuncations and turn the situration around for the better. |
| 650 24 - SUBJECT ADDED ENTRY--TOPICAL TERM | |
| Topical term or geographic name entry element | Leadership |
| 942 ## - ADDED ENTRY ELEMENTS (KOHA) | |
| Suppress in OPAC | 0 |
| Withdrawn status | Lost status | Source of classification or shelving scheme | Damaged status | Not for loan | Home library | Current library | Shelving location | Date acquired | Total Checkouts | Full call number | Barcode | Date last seen | Copy number | Price effective from | Koha item type |
|---|---|---|---|---|---|---|---|---|---|---|---|---|---|---|---|
| Dewey Decimal Classification | London | London | Staff library | 14/06/2012 | STAFF LENCIONI | 30077470 | 06/08/2019 | 1 | 06/08/2019 | Book |